| 000 | 01020nmc a2200325 a 4500 | ||
|---|---|---|---|
| 003 | AR-BaBNM | ||
| 005 | 20251128205152.0 | ||
| 008 | 011101s1992 ||||||||||||||000 | spa|| | ||
| 020 | _a950-9155-25-X | ||
| 040 | _cAR-BaBNM | ||
| 100 | 1 | _aManacorda de Rosetti, Mabel V. | |
| 245 | 1 | 0 |
_aLa sintáxis de la oración en la enseñanza escolar _bcuestionamiento o defensa |
| 260 |
_aBuenos Aires _bLa Obra _c1992 |
||
| 300 |
_a159 p. _bil., gráfs. |
||
| 490 | 0 | _aLingüística para maestros | |
| 500 | _aContiene referencias bibliográficas en p. 159 | ||
| 500 | _aSe hace especial referencia a la escuela primaria | ||
| 650 | 4 | _aLINGUISTICA | |
| 650 | 4 | _aGRAMATICA | |
| 650 | 4 | _aSINTAXIS | |
| 650 | 4 | _aENSENANZA DE LA ESCRITURA | |
| 650 | 4 | _aREDACCION | |
| 650 | 4 | _aGRAMATICA ESTRUCTURAL | |
| 653 | _aANALISIS DEL DISCURSO | ||
| 700 | 1 | _aDe Gregorio de Mac, María Isabel de | |
| 700 | 1 | _aMac, María Alejandra | |
| 800 | 1 |
_aManacorda de Rosetti, Mabel _edirector |
|
| 942 | _cBK | ||
| 998 | _cMARTIN | ||
| 999 |
_c10269 _d10269 |
||